| 000 | 00664cab a2200217 4500 | ||
|---|---|---|---|
| 001 | ABS51328 | ||
| 008 | 090401t xxu||||| |||| 00| 0 eng d | ||
| 035 | _a(Sirsi) u22102 | ||
| 041 | _aeng | ||
| 100 | _aSwaffield, L | ||
| 245 | _aMeasurement skills of QS graduates | ||
| 350 | _a0 | ||
| 520 | _aArticle abstracted in CS Monthly 3(11) September 1994, p43. Available to buy price £3.90. | ||
| 650 | _aCAREERS, EDUCATION AND TRAINING | ||
| 650 | _aMANAGEMENT-BUSINESS MANAGEMENT-INFORMATION MANAGEMENT | ||
| 650 | _aNOTTINGHAM TRENT UNIVERSITY | ||
| 650 | _aQUANTITY SURVEYORS | ||
| 690 |
_aQuantity surveying _96263 |
||
| 942 | _n0 | ||
| 948 | _c04/03/1997 | ||
| 999 |
_c14799 _d14799 |
||